000 01023nam a2200313 ia4500
003 OSt
005 20260518113049.0
008 260518s2025 my a br 000 1 may d
020 _a9786299999935
_qpaperback
_cRM29.00
040 _aPPAK
_beng
_cPPAK
_erda
082 0 4 _a499.2386
_223
090 0 0 _a499.2386
_bALI
_dK
100 0 _aAlif Hilman,
_eauthor.
245 1 0 _aSUASANA EMPAT MUSIM /
_cALIF HILMAN
246 3 3 _aJom kenali dunia STEM :
_bsuasana empat musim
264 1 _aPetaling Jaya, Selangor :
_bKREATIF MEDIA RESOURCES,
_c2025
300 _a22 pages :
_bcolour illustrations ;
_c26 cm
336 _atext
_2rdacontent
336 _astill image
_2rdacontent
337 _aunmediated
_2rdamedia
338 _avolume
_2rdacarrier
490 1 _aJOM KENALI DUNIA STEM
650 1 0 _aMalay language
_vReaders
650 2 0 _aScience
_vJuvenile fiction
650 2 0 _aSeasons
_vJuvenile fiction
650 2 0 _aReading
_xPhonetic method
830 0 _aJom kenali dunia STEM
942 _2ddc
_cB
999 _c204352
_d204352